Missing Word: Best-Sellers of the 2000s Quiz Stats

 Plays Quiz Updated Jan 7, 2012

Support Sporcle.
Go Orange.
Score 0/20 Timer 03:00
0 Plays Today
Book Missing % Correct
The Da Vinci ___Code
98%
___ Are RedRoses
77.6%
At ___ SightFirst
77.6%
The Lovely ___Bones
68%
The ___ People You Meet in HeavenFive
52.8%
The Nanny ___Diaries
52.5%
Hannibal ___Rising
27.1%
A Thousand ___ SunsSplendid
26.7%
A ___ HousePainted
14.2%
Under the ___Dome
11.8%
Book Missing % Correct
The Mermaid ___Chair
9.1%
The Story of ___ SawtelleEdgar
8.5%
State of ___Fear
8%
The ___ and the DragonBear
7.2%
___ on TopEleven
6.6%
The ___ of FourRule
6.3%
___ of the DeadBook
4.8%
The ___ Evening of the YearDarkest
4.7%
___ SweaterChristmas
3.5%
The Forest of ___ and TeethHands
2.8%

Today's Daily Dose

Missing Word
'80s Musicals

Word Ladder
Hereditary

Get the Picture
Food Names

From the Vault

Black Logos Close-Up

by BoggelTeam

I see a logo and I want to paint it black.
Remove Ads.
Support Sporcle.
Get the best of Sporcle when you Go Orange. This ad-free experience offers more features, more stats, and more fun while also helping to support Sporcle. Thank you for becoming a member.

Show Comments

Extras

Top Quizzes Today


Score Distribution

Your Account Isn't Verified!

In order to create a playlist on Sporcle, you need to verify the email address you used during registration. Go to your Sporcle Settings to finish the process.

Report this User

Report this user for behavior that violates our Community Guidelines.

Details: